000 00475nam a22000977a 4500
999 _c2929
_d2929
008 190114b ||||| |||| 00| 0 eng d
100 _aBarnes, William
245 _aThe London 1945 United Nations slogan cancellations
260 _bCollectors Club of Kansas City
_c1979
650 _aGreat Britain -- London | Postal Markings -- Slogan | 1945 | Machine Cancels | Post Offices | Collecting -- Arrangement and Mounting | Exhibits | Topical Collecting -- United Nations | Bibliographies